Traktory a automobily Praktické cvičenia

Bibliographic Details
Main Author: Papoušek, Miroslav (Author)
Other Authors: Molnárová, Mária (Translator)
Format: Book
Language:Slovak
PhysicalDescription:345 s., 15,18 AH 2 tb. príl. Tb. Fot. Sch. 21 cm
Published: Bratislava Príroda 1977
Edition:1. vyd.
Series:Organizátor poĺnohospodárskej veĺkovýroby

MARC

LEADER 00000nam a2200000 a 4500
001 vtls001106174
003 SK-MaSNL
005 20260301145815.0
008 250414s1977 xo 0 slo
015 |a SNBA1977 
035 |a SNK000049016 
040 |a SNK  |b slo  |c SNK  |e AACR2 
041 0 |a slo 
044 |a xo  |c SK 
080 |a 631.37:629.113/.114(075.3)  |2 1981 
080 |a 629.113/.114(075.3)  |2 1981 
080 |a 629.113/.114  |2 1981 
080 |a 631.37(075.3)  |2 1981 
080 |a 373.68  |2 1981 
080 |a 631.37  |2 1981 
100 1 |a Papoušek, Miroslav  |4 aut  |9 46143 
245 1 0 |a Traktory a automobily  |b Praktické cvičenia  |c Miroslav PAPOUŠEK ; Miroslav Papoušek, Mária Molnárová, Zuzana Jakabová 
250 |a 1. vyd. 
260 |a Bratislava  |b Príroda  |c 1977  |e Nitra  |f Nitrianske tlačiarne 
300 |a 345 s., 15,18 AH  |b 2 tb. príl. Tb. Fot. Sch.  |c 21 cm 
366 |e 600 výtl. 
490 1 |a Organizátor poĺnohospodárskej veĺkovýroby 
500 |a Séria: Mechanizácia poĺnohospodárstva. Lit. 7. Schválené Minist. školstva SSR ako učeb. text pre 3. a 4. roč. SPTŠ odboru 42-17-6 mechanizácia poĺnohosp. výroby. 
700 1 |a Papoušek, Miroslav  |4 aut  |9 46143 
700 1 |a Molnárová, Mária  |4 trl  |9 6244 
700 1 |a Jakabová, Zuzana  |4 bkd  |9 277042 
852 |a Slovenská národná knižnica 
954 |a traktory  |a automobily 
958 |a OND 
958 |a [NB7] 
958 |a UC 
958 |a TL 
958 |a OP 
999 |c 781413  |d 783343 
952 |t P60, <04>, [BOOK], {604}  |a SNK  |b SNK  |y VYP  |7 0  |p 17A0323287  |o snkSC 41456 D1  |0 0  |1 0  |4 0  |d 2001-11-21  |l 0  |r 2004-12-31 00:00:00  |w 2026-02-24 
952 |a SNK  |b SNK  |y PREZ  |7 0  |p 17A0944451  |o snkSC 41456   |0 0  |1 0  |4 0  |d 2013-08-16  |l 0  |r 2025-10-17 00:00:00  |w 2026-02-24